LDR 01010naa#a2200193#i#450# 001 RU\\bibl\122709 005 20260511102643.1 011 ## _a2782-6678 100 ## _a20260504b2026####ek#y0rusy0150####ca 101 0# _aRUS 102 ## _aRU 200 1# _aТрансформация границ лесостепной зоны: причины и последствия _eЖурнальная статья 210 1# _aМосква _cФедеральное государственное бюджетное образовательное учреждение высшего образования "Московский государственный университет геодезии и картографии" _d2026 215 ## _a9 с. 608 ## _aЖурнальная статья _2local 686 ## _aФизическая география. 39.19 _2grnti 700 #1 _aШакиров _gРустэм Равилевич 700 #1 _aЛуговской _gАлександр Михайлович 856 4# _amiigaik.editorum.ru _u